<?xml version="1.0" encoding="UTF-8"?>
<record
    xmlns:xsi="http://www.w3.org/2001/XMLSchema-instance"
    xsi:schemaLocation="http://www.loc.gov/MARC21/slim http://www.loc.gov/standards/marcxml/schema/MARC21slim.xsd"
    xmlns="http://www.loc.gov/MARC21/slim">

  <leader>01943nam a2200337uu 4500</leader>
  <controlfield tag="001">1544661</controlfield>
  <controlfield tag="005">20241001142301.0</controlfield>
  <controlfield tag="007">cr|||||||</controlfield>
  <controlfield tag="008">200415s2019                        spa  </controlfield>
  <datafield tag="035" ind1=" " ind2=" ">
    <subfield code="a">1544661</subfield>
  </datafield>
  <datafield tag="040" ind1=" " ind2=" ">
    <subfield code="c">comduadb</subfield>
  </datafield>
  <datafield tag="041" ind1=" " ind2=" ">
    <subfield code="a">spa</subfield>
  </datafield>
  <datafield tag="080" ind1=" " ind2=" ">
    <subfield code="a">D</subfield>
  </datafield>
  <datafield tag="100" ind1="1" ind2="0">
    <subfield code="a">Gonz&#xE1;lez Mar&#xED;n, Carmen Luc&#xED;a</subfield>
    <subfield code="4">aut</subfield>
    <subfield code="e">aut</subfield>
    <subfield code="9">796568</subfield>
  </datafield>
  <datafield tag="245" ind1="1" ind2="0">
    <subfield code="a">Tejiendo comunidad : una propuesta educativa alternativa para la formaci&#xF3;n en participaci&#xF3;n ciudadana</subfield>
  </datafield>
  <datafield tag="260" ind1=" " ind2=" ">
    <subfield code="a">Medell&#xED;n :</subfield>
    <subfield code="b">Autores (as),</subfield>
    <subfield code="c">2019.</subfield>
  </datafield>
  <datafield tag="300" ind1=" " ind2=" ">
    <subfield code="a">124 p&#xE1;ginas</subfield>
  </datafield>
  <datafield tag="520" ind1="3" ind2=" ">
    <subfield code="a">"El presente trabajo es resultado de una Investigaci&#xF3;n Acci&#xF3;n Participaci&#xF3;n que tuvo como objetivo generar con la comunidad de la Instituci&#xF3;n Educativa Lusitania Paz de Colombia,sede el Tirol, espacios de formaci&#xF3;n para la participaci&#xF3;n ciudadana en el marco de una propuesta educativa alternativa desde la concepci&#xF3;n y metodolog&#xED;a de la Educaci&#xF3;n Popular. Las conclusiones encontradas se&#xF1;alan que form&#xE1;ndonos desde la participaci&#xF3;n ciudadana podemos acercarnos a tejer comunidad; se generaron apuestas por la resignificaci&#xF3;n de la participaci&#xF3;n ciudadana desde otros horizontes de sentidos; se concibe desde la educaci&#xF3;n especial y la educaci&#xF3;n popular el sujeto como pol&#xED;tico, hacedor y tejedor."</subfield>
  </datafield>
  <datafield tag="650" ind1=" " ind2=" ">
    <subfield code="a">Participaci&#xF3;n ciudadana y educaci&#xF3;n</subfield>
    <subfield code="9">214889</subfield>
  </datafield>
  <datafield tag="650" ind1=" " ind2="7">
    <subfield code="a">Participaci&#xF3;n ciudadana</subfield>
    <subfield code="2">lemb</subfield>
    <subfield code="9">64098</subfield>
  </datafield>
  <datafield tag="650" ind1=" " ind2=" ">
    <subfield code="a">Educaci&#xF3;n y comunidad</subfield>
    <subfield code="9">24342</subfield>
  </datafield>
  <datafield tag="650" ind1=" " ind2="7">
    <subfield code="a">Educaci&#xF3;n popular</subfield>
    <subfield code="2">embne</subfield>
    <subfield code="9">1709</subfield>
  </datafield>
  <datafield tag="650" ind1=" " ind2=" ">
    <subfield code="a">LICENCIATURA EN EDUCACI&#xD3;N ESPECIAL [Programa Acad&#xE9;mico PREGRADO C&#xF3;digo MARES: 1604]</subfield>
    <subfield code="9">229516</subfield>
  </datafield>
  <datafield tag="700" ind1="1" ind2="0">
    <subfield code="a">Mosquera Monsalve, Luisa Fernanda</subfield>
    <subfield code="4">aut</subfield>
    <subfield code="e">aut</subfield>
    <subfield code="9">797110</subfield>
  </datafield>
  <datafield tag="700" ind1="1" ind2="0">
    <subfield code="a">Restrepo Quijano, Ana Mar&#xED;a</subfield>
    <subfield code="4">aut</subfield>
    <subfield code="e">aut</subfield>
    <subfield code="9">796891</subfield>
  </datafield>
  <datafield tag="700" ind1=" " ind2="0">
    <subfield code="a">Palacio Peralta, Nilva Rosa</subfield>
    <subfield code="c">Doctora en Educaci&#xF3;n</subfield>
    <subfield code="4">ths</subfield>
    <subfield code="e">ths</subfield>
    <subfield code="9">464096</subfield>
  </datafield>
  <datafield tag="856" ind1="4" ind2=" ">
    <subfield code="u">http://bibliotecadigital.udea.edu.co/handle/10495/13823</subfield>
  </datafield>
  <datafield tag="942" ind1=" " ind2=" ">
    <subfield code="c">TESIS</subfield>
    <subfield code="n">0</subfield>
  </datafield>
  <datafield tag="999" ind1=" " ind2=" ">
    <subfield code="c">814091</subfield>
    <subfield code="d">814091</subfield>
  </datafield>
  <datafield tag="502" ind1=" " ind2=" ">
    <subfield code="b">145</subfield>
    <subfield code="c">15</subfield>
  </datafield>
  <datafield tag="526" ind1=" " ind2=" ">
    <subfield code="a">147</subfield>
  </datafield>
</record>
